ការសាកល្បងចិញ្ចឹមបង្កងមេពូជនៅក្នុងអាងស៊ីម៉ង់ត៍ ដោយប្រើប្រាស់ចំណីសាច់ខ្យងបឹង និងត្រីរៀលតុប. (Record no. 4142)

000 -LEADER
fixed length control field 00655nam a22001577a 4500
003 - CONTROL NUMBER IDENTIFIER
control field OSt
005 - DATE AND TIME OF LATEST TRANSACTION
control field 20151207103740.0
008 - FIXED-LENGTH DATA ELEMENTS--GENERAL INFORMATION
fixed length control field 151207b xxu||||| |||| 00| 0 eng d
040 ## - CATALOGING SOURCE
Transcribing agency RUA
082 ## - DEWEY DECIMAL CLASSIFICATION NUMBER
Classification number FIS LA 2006 B177 Or.1
100 ## - MAIN ENTRY--PERSONAL NAME
9 (RLIN) 4442
Personal name LA PISETH ; ឡា ពិសិដ្ឋ
245 ## - TITLE STATEMENT
Title ការសាកល្បងចិញ្ចឹមបង្កងមេពូជនៅក្នុងអាងស៊ីម៉ង់ត៍ ដោយប្រើប្រាស់ចំណីសាច់ខ្យងបឹង និងត្រីរៀលតុប.
260 ## - PUBLICATION, DISTRIBUTION, ETC. (IMPRINT)
Place of publication, distribution, etc. Phnom Penh
Name of publisher, distributor, etc. RUA
Date of publication, distribution, etc. 2006
300 ## - PHYSICAL DESCRIPTION
Extent x; 40p.
Other physical details ill.
Dimensions 29cm.
942 ## - ADDED ENTRY ELEMENTS (KOHA)
Source of classification or shelving scheme
Koha item type FIS
Holdings
Price effective from Date last seen Permanent Location Not for loan Date acquired Source of classification or shelving scheme Koha item type Barcode Lost status Damaged status Withdrawn status Current Location Full call number
2015-12-072015-12-07Library Block B 2015-12-07 FISRUA027718   Library Block BFIS LA 2006 B177 Or.1
2015-12-072015-12-07Library Block B 2015-12-07 FISRUA027574   Library Block BFIS LA 2006 B177 Or.2
2015-12-072015-12-07Library Block B 2015-12-07 FISRUA027502   Library Block BFIS LA 2006 B177 Or.3
2015-12-072015-12-07Library Block B 2015-12-07 FISRUA026500   Library Block BFIS LA 2006 B177 Or.4
មជ្ឈមណ្ឌលឯការនៃសាកលវិទ្យាល័យភូមិន្ទកសិកម្មចំការដូង

Powered by Koha